[Event "ODJM B 2024"]
[Site "Willingen GER"]
[Date "2024.05.22"]
[Round "6"]
[White "Kelembet, Maksym"]
[Black "Wildermuth, Nikolas Karl"]
[Result "1/2-1/2"]
[Termination "normal"]
[Board "6"]
[WhiteElo "1611"]
[BlackElo "1777"]
[WhiteClock "00:02:45"]
[BlackClock "00:36:38"]
[PlyCount "130"]
[WhiteFideId "34684735"]
[BlackFideId "16244699"]
[EventCountry "GER"]
[EventRounds "9"]
[EventType "swiss"]
[EventDate "2024.05.18"]

1. Nf3 {[%clk 01:30:59]} {[%emt 00:00:02]} d5 {[%clk 01:28:42]} {[%emt
00:02:18]} 2. d4 {[%clk 01:31:25]} {[%emt 00:00:04]} c6 {[%clk 01:29:01]}
{[%emt 00:00:11]} 3. c4 {[%clk 01:31:47]} {[%emt 00:00:09]} e6 {[%clk
01:29:21]} {[%emt 00:00:10]} 4. e3 {[%clk 01:32:11]} {[%emt 00:00:05]} Nd7
{[%clk 01:29:40]} {[%emt 00:00:11]} 5. Nbd2 {[%clk 01:32:28]} {[%emt 00:00:13]}
Bd6 {[%clk 01:29:24]} {[%emt 00:00:45]} 6. Bd3 {[%clk 01:32:47]} {[%emt
00:00:12]} Nh6 {[%clk 01:28:51]} {[%emt 00:01:03]} 7. O-O {[%clk 01:32:52]}
{[%emt 00:00:25]} f5 {[%clk 01:28:11]} {[%emt 00:01:09]} 8. b3 {[%clk
01:32:26]} {[%emt 00:00:56]} O-O {[%clk 01:28:32]} {[%emt 00:00:09]} 9. Bb2
{[%clk 01:32:52]} {[%emt 00:00:05]} Qf6 {[%clk 01:22:14]} {[%emt 00:06:48]} 10.
Qe2 {[%clk 01:31:54]} {[%emt 00:01:28]} Nf7 {[%clk 01:20:45]} {[%emt 00:01:59]}
11. Rac1 {[%clk 01:31:37]} {[%emt 00:00:47]} Kh8 {[%clk 01:18:08]} {[%emt
00:03:07]} 12. Ne1 {[%clk 01:24:29]} {[%emt 00:07:38]} Qh6 {[%clk 01:17:42]}
{[%emt 00:00:56]} 13. f4 {[%clk 01:24:00]} {[%emt 00:00:59]} Nf6 {[%clk
01:16:05]} {[%emt 00:02:06]} 14. Rf3 {[%clk 01:23:17]} {[%emt 00:01:13]} g5
{[%clk 01:14:01]} {[%emt 00:02:35]} 15. Nc2 {[%clk 01:08:20]} {[%emt 00:15:27]}
gxf4 {[%clk 01:10:26]} {[%emt 00:04:05]} 16. exf4 {[%clk 01:06:48]} {[%emt
00:02:02]} Bxf4 {[%clk 01:08:45]} {[%emt 00:02:11]} 17. Rh3 {[%clk 01:06:32]}
{[%emt 00:00:46]} Qg7 {[%clk 01:07:35]} {[%emt 00:01:39]} 18. Rf1 {[%clk
01:06:15]} {[%emt 00:00:48]} Bc7 {[%clk 01:03:41]} {[%emt 00:04:24]} 19. Nf3
{[%clk 01:03:12]} {[%emt 00:03:33]} Bd7 {[%clk 01:02:47]} {[%emt 00:01:23]} 20.
Ne5 {[%clk 01:00:44]} {[%emt 00:02:58]} Nxe5 {[%clk 00:59:32]} {[%emt
00:03:45]} 21. dxe5 {[%clk 01:01:02]} {[%emt 00:00:13]} Ne4 {[%clk 00:57:16]}
{[%emt 00:02:45]} 22. Bxe4 {[%clk 00:53:56]} {[%emt 00:07:36]} fxe4 {[%clk
00:55:48]} {[%emt 00:01:58]} 23. Rf6 {[%clk 00:53:40]} {[%emt 00:00:47]} Rxf6
{[%clk 00:51:40]} {[%emt 00:04:38]} 24. exf6 {[%clk 00:54:08]} {[%emt
00:00:01]} Qf7 {[%clk 00:51:43]} {[%emt 00:00:27]} 25. Qh5 {[%clk 00:54:25]}
{[%emt 00:00:14]} Rf8 {[%clk 00:51:10]} {[%emt 00:01:03]} 26. cxd5 {[%clk
00:51:01]} {[%emt 00:03:54]} cxd5 {[%clk 00:47:10]} {[%emt 00:04:30]} 27. Rh4
{[%clk 00:40:42]} {[%emt 00:10:49]} e5 {[%clk 00:44:06]} {[%emt 00:03:34]} 28.
Bxe5 {[%clk 00:35:23]} {[%emt 00:05:49]} Bxe5 {[%clk 00:44:19]} {[%emt
00:00:16]} 29. Qxe5 {[%emt 00:00:15]} Qxf6 {[%clk 00:44:38]} {[%emt 00:00:09]}
30. Qxf6+ {[%clk 00:36:02]} {[%emt 00:00:07]} Rxf6 {[%clk 00:45:02]} {[%emt
00:00:06]} 31. Rh5 {[%clk 00:35:30]} {[%emt 00:01:04]} Rd6 {[%clk 00:37:16]}
{[%emt 00:08:17]} 32. Nd4 {[%clk 00:35:10]} {[%emt 00:00:50]} Kg7 {[%clk
00:36:55]} {[%emt 00:00:50]} 33. Kf2 {[%clk 00:34:40]} {[%emt 00:00:59]} Kg6
{[%clk 00:36:07]} {[%emt 00:01:18]} 34. Re5 {[%clk 00:34:19]} {[%emt 00:00:51]}
Bc6 {[%clk 00:34:56]} {[%emt 00:01:42]} 35. Ke3 {[%clk 00:34:12]} {[%emt
00:00:37]} Rf6 {[%clk 00:34:21]} {[%emt 00:01:04]} 36. b4 {[%clk 00:34:23]}
{[%emt 00:00:20]} a6 {[%clk 00:33:16]} {[%emt 00:01:36]} 37. a4 {[%clk
00:34:03]} {[%emt 00:00:49]} Bxa4 {[%clk 00:32:50]} {[%emt 00:00:55]} 38. Rxd5
{[%clk 00:34:25]} {[%emt 00:00:09]} Rb6 {[%clk 00:32:56]} {[%emt 00:00:23]} 39.
Kxe4 {[%clk 00:32:19]} {[%emt 00:02:37]} Rxb4 {[%clk 00:31:05]} {[%emt
00:02:21]} 40. Ke5 {[%clk 00:31:26]} {[%emt 00:01:22]} Rb2 {[%clk 00:30:06]}
{[%emt 00:01:29]} 41. Rd8 {[%clk 00:30:25]} {[%emt 00:01:32]} Kf7 {[%clk
00:27:51]} {[%emt 00:02:45]} 42. Rb8 {[%clk 00:28:39]} {[%emt 00:02:16]} b5
{[%clk 00:25:12]} {[%emt 00:03:09]} 43. Rb7+ {[%clk 00:28:23]} {[%emt
00:00:46]} Kg6 {[%clk 00:25:08]} {[%emt 00:00:34]} 44. Rb6+ {[%clk 00:28:45]}
{[%emt 00:00:08]} Kg5 {[%clk 00:25:14]} {[%emt 00:00:23]} 45. Rxa6 {[%clk
00:27:28]} {[%emt 00:01:48]} Rxg2 {[%clk 00:23:59]} {[%emt 00:01:45]} 46. Ra8
{[%clk 00:26:05]} {[%emt 00:01:54]} Rf2 {[%clk 00:15:39]} {[%emt 00:08:48]} 47.
Rg8 {[%clk 00:16:41]} {[%emt 00:09:54]} Kh5 {[%clk 00:13:34]} {[%emt 00:02:36]}
48. Nf5 {[%clk 00:08:50]} {[%emt 00:08:20]} Bc2 {[%clk 00:13:06]} {[%emt
00:00:58]} 49. Nd6 {[%clk 00:06:44]} {[%emt 00:02:36]} Bg6 {[%clk 00:12:05]}
{[%emt 00:01:31]} 50. Rb8 {[%clk 00:06:33]} {[%emt 00:00:41]} Rxh2 {[%clk
00:11:27]} {[%emt 00:01:08]} 51. Rxb5 {[%clk 00:06:27]} {[%emt 00:00:36]} Rf2
{[%clk 00:11:43]} {[%emt 00:00:12]} 52. Rb8 {[%clk 00:02:17]} {[%emt 00:04:43]}
Kg5 {[%clk 00:11:40]} {[%emt 00:00:32]} 53. Ne4 {[%clk 00:30:22]} {[%emt
00:02:25]} Bxe4 {[%clk 00:42:02]} {[%emt 00:00:08]} 54. Kxe4 {[%clk 00:30:49]}
{[%emt 00:00:04]} h5 {[%clk 00:40:12]} {[%emt 00:02:19]} 55. Rg8+ {[%clk
00:26:22]} {[%emt 00:04:57]} Kh4 {[%clk 00:40:26]} {[%emt 00:00:16]} 56. Rg1
{[%clk 00:08:27]} {[%emt 00:18:26]} Kh3 {[%clk 00:37:09]} {[%emt 00:03:47]} 57.
Rh1+ {[%clk 00:06:13]} {[%emt 00:02:44]} Kg4 {[%clk 00:37:20]} {[%emt
00:00:19]} 58. Rg1 {[%clk 00:06:38]} {[%emt 00:00:05]} Kh4 {[%clk 00:37:27]}
{[%emt 00:00:23]} 59. Rh1 {[%clk 00:06:44]} {[%emt 00:00:23]} Kg5 {[%clk
00:37:53]} {[%emt 00:00:04]} 60. Rg1+ {[%clk 00:05:29]} {[%emt 00:01:45]} Kh6
{[%clk 00:38:18]} {[%emt 00:00:06]} 61. Ke3 {[%clk 00:05:07]} {[%emt 00:00:51]}
Rf7 {[%clk 00:38:22]} {[%emt 00:00:25]} 62. Rg2 {[%clk 00:04:57]} {[%emt
00:00:41]} h4 {[%clk 00:37:23]} {[%emt 00:01:29]} 63. Rf2 {[%clk 00:04:14]}
{[%emt 00:01:14]} Rg7 {[%clk 00:37:03]} {[%emt 00:00:50]} 64. Rf8 {[%clk
00:02:32]} {[%emt 00:02:12]} Kh5 {[%clk 00:36:43]} {[%emt 00:00:49]} 65. Kf3
{[%clk 00:02:45]} {[%emt 00:00:17]} Rg3+ {[%clk 00:36:38]} {[%emt 00:00:35]}
1/2-1/2

[Event "ODJM B 2024"]
[Site "Willingen GER"]
[Date "2024.05.22"]
[Round "6"]
[White "Lieb, Max"]
[Black "Frydel, Marcel"]
[Result "1/2-1/2"]
[Termination "normal"]
[Board "7"]
[WhiteElo "1662"]
[BlackElo "1692"]
[WhiteClock "01:21:09"]
[BlackClock "00:55:48"]
[PlyCount "48"]
[WhiteFideId "34630651"]
[BlackFideId "16245733"]
[EventCountry "GER"]
[EventRounds "9"]
[EventType "swiss"]
[EventDate "2024.05.18"]

1. d4 {[%clk 01:30:58]} d5 {[%clk 01:30:58]} {[%emt 00:00:03]} 2. c4 {[%clk
01:31:24]} {[%emt 00:00:05]} c6 {[%clk 01:31:22]} {[%emt 00:00:06]} 3. Nf3
{[%clk 01:31:50]} {[%emt 00:00:04]} Bf5 {[%clk 01:30:59]} {[%emt 00:00:53]} 4.
cxd5 {[%clk 01:32:04]} {[%emt 00:00:16]} cxd5 {[%clk 01:31:15]} {[%emt
00:00:14]} 5. Nc3 {[%clk 01:32:15]} {[%emt 00:00:18]} e6 {[%clk 01:30:59]}
{[%emt 00:00:46]} 6. Bf4 {[%clk 01:31:59]} {[%emt 00:00:46]} Bd6 {[%clk
01:30:53]} {[%emt 00:00:37]} 7. Bg3 {[%clk 01:31:54]} {[%emt 00:00:35]} Nc6
{[%clk 01:27:25]} {[%emt 00:03:58]} 8. e3 {[%clk 01:31:03]} {[%emt 00:01:20]}
Nf6 {[%clk 01:23:00]} {[%emt 00:04:56]} 9. Bd3 {[%clk 01:29:44]} {[%emt
00:01:49]} Bxd3 {[%clk 01:23:06]} {[%emt 00:00:23]} 10. Qxd3 {[%clk 01:30:05]}
{[%emt 00:00:08]} O-O {[%clk 01:23:21]} {[%emt 00:00:16]} 11. O-O {[%clk
01:30:21]} {[%emt 00:00:14]} Bxg3 {[%clk 01:23:44]} {[%emt 00:00:07]} 12. hxg3
{[%clk 01:30:47]} {[%emt 00:00:04]} a6 {[%clk 01:23:16]} {[%emt 00:00:57]} 13.
Rac1 {[%clk 01:30:19]} {[%emt 00:00:59]} Qd6 {[%clk 01:21:54]} {[%emt
00:01:53]} 14. a3 {[%clk 01:30:09]} {[%emt 00:00:40]} Na5 {[%clk 01:19:57]}
{[%emt 00:02:27]} 15. b4 {[%clk 01:28:42]} {[%emt 00:01:56]} Nc4 {[%clk
01:14:41]} {[%emt 00:05:45]} 16. Nd2 {[%clk 01:28:54]} {[%emt 00:00:18]} b5
{[%clk 01:11:44]} {[%emt 00:03:28]} 17. e4 {[%clk 01:25:21]} {[%emt 00:04:03]}
dxe4 {[%clk 01:07:15]} {[%emt 00:05:00]} 18. Nxc4 {[%clk 01:25:22]} {[%emt
00:00:27]} bxc4 {[%clk 01:05:39]} {[%emt 00:02:07]} 19. Qxc4 {[%clk 01:25:19]}
{[%emt 00:00:33]} Rfc8 {[%clk 01:04:10]} {[%emt 00:01:59]} 20. Nxe4 {[%clk
01:25:18]} {[%emt 00:00:31]} Rxc4 {[%clk 01:02:15]} {[%emt 00:02:26]} 21. Nxd6
{[%clk 01:25:41]} {[%emt 00:00:06]} Rxd4 {[%clk 01:02:27]} {[%emt 00:00:18]}
22. Rfd1 {[%clk 01:20:40]} {[%emt 00:05:30]} Rxd1+ {[%clk 01:00:33]} {[%emt
00:02:24]} 23. Rxd1 {[%clk 01:21:03]} {[%emt 00:00:08]} Rd8 {[%clk 00:57:31]}
{[%emt 00:03:31]} 24. Rc1 {[%clk 01:21:09]} {[%emt 00:00:25]} Kf8 {[%clk
00:55:48]} {[%emt 00:02:12]} 1/2-1/2

[Event "ODJM B 2024"]
[Site "Willingen GER"]
[Date "2024.05.22"]
[Round "6"]
[White "Grunert, Heinrich"]
[Black "Roth, Jonas"]
[Result "0-1"]
[Termination "normal"]
[Board "8"]
[WhiteElo "1668"]
[BlackElo "1766"]
[WhiteClock "00:11:22"]
[BlackClock "00:24:38"]
[PlyCount "80"]
[WhiteFideId "16213416"]
[BlackFideId "34623515"]
[EventCountry "GER"]
[EventRounds "9"]
[EventType "swiss"]
[EventDate "2024.05.18"]

1. e4 {[%clk 01:30:59]} e5 {[%clk 01:30:55]} {[%emt 00:00:05]} 2. Nf3 {[%clk
01:31:24]} {[%emt 00:00:05]} Nc6 {[%clk 01:31:21]} {[%emt 00:00:04]} 3. Bb5
{[%clk 01:31:50]} {[%emt 00:00:04]} a6 {[%clk 01:31:45]} {[%emt 00:00:06]} 4.
Ba4 {[%clk 01:32:15]} {[%emt 00:00:05]} b5 {[%clk 01:32:09]} {[%emt 00:00:06]}
5. Bb3 {[%clk 01:32:39]} {[%emt 00:00:06]} Nf6 {[%clk 01:32:30]} {[%emt
00:00:10]} 6. O-O {[%clk 01:32:54]} {[%emt 00:00:14]} Bc5 {[%clk 01:32:47]}
{[%emt 00:00:13]} 7. Nxe5 {[%clk 01:32:23]} {[%emt 00:01:02]} Nxe5 {[%clk
01:32:13]} {[%emt 00:01:04]} 8. d4 {[%clk 01:32:40]} {[%emt 00:00:13]} Bxd4
{[%clk 01:31:40]} {[%emt 00:01:03]} 9. Qxd4 {[%clk 01:32:16]} {[%emt 00:00:54]}
Nc6 {[%clk 01:31:52]} {[%emt 00:00:17]} 10. Qd1 {[%clk 01:31:45]} {[%emt
00:01:01]} O-O {[%clk 01:31:53]} {[%emt 00:00:29]} 11. Re1 {[%clk 01:31:31]}
{[%emt 00:00:44]} Re8 {[%clk 01:31:54]} {[%emt 00:00:29]} 12. f3 {[%clk
01:30:10]} {[%emt 00:01:51]} a5 {[%clk 01:30:35]} {[%emt 00:01:50]} 13. a4
{[%clk 01:29:07]} {[%emt 00:01:32]} b4 {[%clk 01:30:49]} {[%emt 00:00:16]} 14.
Bf4 {[%clk 01:28:07]} {[%emt 00:01:30]} d6 {[%clk 01:28:06]} {[%emt 00:03:14]}
15. Kf2 {[%clk 01:01:50]} {[%emt 00:26:47]} Bb7 {[%clk 01:26:06]} {[%emt
00:02:30]} 16. Qd3 {[%clk 00:59:33]} {[%emt 00:02:47]} Ne5 {[%clk 01:24:46]}
{[%emt 00:01:49]} 17. Bxe5 {[%clk 00:56:12]} {[%emt 00:03:51]} Rxe5 {[%clk
01:24:00]} {[%emt 00:01:16]} 18. Nd2 {[%clk 00:55:34]} {[%emt 00:01:09]} Nh5
{[%clk 01:14:49]} {[%emt 00:09:39]} 19. g3 {[%clk 00:50:00]} {[%emt 00:06:05]}
Qc8 {[%clk 01:09:10]} {[%emt 00:06:07]} 20. Kg1 {[%clk 00:36:32]} {[%emt
00:14:01]} Nf6 {[%clk 01:01:32]} {[%emt 00:08:07]} 21. Nc4 {[%clk 00:29:46]}
{[%emt 00:07:16]} Rh5 {[%clk 00:56:42]} {[%emt 00:05:19]} 22. Ne3 {[%clk
00:29:47]} {[%emt 00:00:30]} Qh3 {[%clk 00:53:12]} {[%emt 00:03:59]} 23. Nf1
{[%clk 00:29:43]} {[%emt 00:00:35]} Nd7 {[%clk 00:48:02]} {[%emt 00:05:40]} 24.
Qe2 {[%clk 00:26:35]} {[%emt 00:03:39]} Ne5 {[%clk 00:44:30]} {[%emt 00:04:01]}
25. Qg2 {[%clk 00:25:59]} {[%emt 00:01:06]} Qc8 {[%clk 00:42:52]} {[%emt
00:02:06]} 26. Rad1 {[%clk 00:24:55]} {[%emt 00:01:36]} Rh6 {[%clk 00:36:34]}
{[%emt 00:06:49]} 27. Ne3 {[%clk 00:21:59]} {[%emt 00:03:25]} Rf6 {[%clk
00:32:49]} {[%emt 00:04:15]} 28. f4 {[%clk 00:18:58]} {[%emt 00:03:32]} Nd7
{[%clk 00:29:15]} {[%emt 00:04:04]} 29. Nd5 {[%clk 00:16:15]} {[%emt 00:03:13]}
Re6 {[%clk 00:27:18]} {[%emt 00:02:27]} 30. Nxc7 {[%clk 00:14:22]} {[%emt
00:02:22]} Qxc7 {[%clk 00:27:31]} {[%emt 00:00:16]} 31. Bxe6 {[%clk 00:14:46]}
{[%emt 00:00:07]} fxe6 {[%clk 00:27:49]} {[%emt 00:00:11]} 32. Qd2 {[%clk
00:14:27]} {[%emt 00:00:50]} Ra6 {[%clk 00:27:26]} {[%emt 00:00:54]} 33. b3
{[%clk 00:13:26]} {[%emt 00:01:31]} Nc5 {[%clk 00:26:34]} {[%emt 00:01:21]} 34.
e5 {[%clk 00:12:31]} {[%emt 00:01:26]} Qc6 {[%clk 00:25:02]} {[%emt 00:02:02]}
35. exd6 {[%clk 00:09:34]} {[%emt 00:03:26]} Qh1+ {[%clk 00:25:12]} {[%emt
00:00:18]} 36. Kf2 {[%clk 00:10:01]} {[%emt 00:00:04]} Qg2+ {[%clk 00:25:28]}
{[%emt 00:00:13]} 37. Ke3 {[%clk 00:10:20]} {[%emt 00:00:12]} Qf3+ {[%clk
00:25:39]} {[%emt 00:00:19]} 38. Kd4 {[%clk 00:10:45]} {[%emt 00:00:05]} Rxd6+
{[%clk 00:24:47]} {[%emt 00:01:22]} 39. Kc4 {[%clk 00:10:57]} {[%emt 00:00:19]}
Ba6+ {[%clk 00:24:17]} {[%emt 00:00:59]} 40. Kxc5 {[%clk 00:11:22]} {[%emt
00:00:05]} Qc6# {[%clk 00:24:38]} {[%emt 00:00:10]} 0-1

[Event "ODJM B 2024"]
[Site "Willingen GER"]
[Date "2024.05.22"]
[Round "6"]
[White "Tomi, Emilian"]
[Black "Haidekker, Kilian"]
[Result "1-0"]
[Termination "normal"]
[Board "9"]
[WhiteElo "1649"]
[BlackElo "1690"]
[WhiteClock "00:01:54"]
[BlackClock "00:01:29"]
[PlyCount "77"]
[WhiteFideId "34651829"]
[BlackFideId "34621741"]
[EventCountry "GER"]
[EventRounds "9"]
[EventType "swiss"]
[EventDate "2024.05.18"]

1. e4 {[%clk 01:30:59]} c5 {[%clk 01:30:38]} {[%emt 00:00:23]} 2. Nf3 {[%clk
01:31:25]} {[%emt 00:00:04]} d6 {[%clk 01:30:59]} {[%emt 00:00:08]} 3. d4
{[%clk 01:31:34]} {[%emt 00:00:21]} cxd4 {[%clk 01:31:20]} {[%emt 00:00:09]} 4.
Nxd4 {[%clk 01:32:00]} {[%emt 00:00:05]} Nf6 {[%clk 01:31:22]} {[%emt
00:00:28]} 5. Nc3 {[%clk 01:32:22]} {[%emt 00:00:08]} Nc6 {[%clk 01:30:48]}
{[%emt 00:01:04]} 6. Be3 {[%clk 01:31:54]} {[%emt 00:00:57]} g6 {[%clk
01:31:09]} {[%emt 00:00:10]} 7. Be2 {[%clk 01:29:21]} {[%emt 00:03:03]} Bg7
{[%clk 01:29:40]} {[%emt 00:01:58]} 8. Qd2 {[%clk 01:28:53]} {[%emt 00:00:58]}
Nxd4 {[%clk 01:21:12]} {[%emt 00:08:59]} 9. Bxd4 {[%clk 01:29:07]} {[%emt
00:00:16]} O-O {[%clk 01:21:15]} {[%emt 00:00:26]} 10. O-O {[%clk 01:17:34]}
{[%emt 00:12:03]} Bd7 {[%clk 01:16:36]} {[%emt 00:05:09]} 11. f3 {[%clk
01:15:05]} {[%emt 00:03:00]} a6 {[%clk 01:06:46]} {[%emt 00:10:20]} 12. Nd5
{[%clk 01:05:34]} {[%emt 00:10:00]} Nxd5 {[%clk 01:02:29]} {[%emt 00:04:48]}
13. exd5 {[%clk 01:05:57]} {[%emt 00:00:06]} Bxd4+ {[%clk 00:52:19]} {[%emt
00:10:40]} 14. Qxd4 {[%clk 01:05:13]} {[%emt 00:01:14]} Qc7 {[%emt 00:06:15]}
15. c4 {[%clk 01:02:58]} b5 {[%clk 00:44:27]} {[%emt 00:05:21]} 16. Rfc1 {[%clk
01:00:46]} {[%emt 00:02:42]} Rfc8 {[%clk 00:36:28]} {[%emt 00:08:29]} 17. b4
{[%clk 00:41:43]} {[%emt 00:19:33]} bxc4 {[%clk 00:22:23]} {[%emt 00:14:35]}
18. Rxc4 {[%clk 00:41:08]} {[%emt 00:01:05]} Qb7 {[%clk 00:21:27]} {[%emt
00:01:27]} 19. Rxc8+ {[%clk 00:38:33]} {[%emt 00:03:04]} Rxc8 {[%clk 00:20:46]}
{[%emt 00:01:10]} 20. a3 {[%clk 00:29:11]} {[%emt 00:09:54]} Bb5 {[%clk
00:17:46]} {[%emt 00:03:29]} 21. Bd3 {[%clk 00:26:20]} {[%emt 00:03:21]} Rc7
{[%clk 00:13:25]} {[%emt 00:04:51]} 22. h4 {[%clk 00:19:36]} {[%emt 00:07:14]}
h5 {[%clk 00:10:02]} {[%emt 00:03:53]} 23. f4 {[%clk 00:19:07]} {[%emt
00:01:00]} Qc8 {[%clk 00:09:08]} {[%emt 00:01:23]} 24. Bxb5 {[%clk 00:10:24]}
{[%emt 00:09:14]} axb5 {[%clk 00:09:14]} {[%emt 00:00:23]} 25. Qe3 {[%clk
00:10:25]} {[%emt 00:00:30]} Kf8 {[%clk 00:06:48]} {[%emt 00:02:55]} 26. a4
{[%clk 00:08:01]} {[%emt 00:02:54]} Rc3 {[%clk 00:05:34]} {[%emt 00:01:44]} 27.
Qd4 {[%clk 00:08:12]} {[%emt 00:00:19]} Kg8 {[%clk 00:03:58]} {[%emt 00:02:06]}
28. axb5 {[%clk 00:07:39]} {[%emt 00:01:03]} Rc4 {[%clk 00:03:50]} {[%emt
00:00:38]} 29. Qe3 {[%clk 00:06:32]} {[%emt 00:01:37]} Rxb4 {[%clk 00:03:01]}
{[%emt 00:01:19]} 30. Qxe7 {[%clk 00:04:10]} {[%emt 00:02:53]} Qc5+ {[%clk
00:03:05]} {[%emt 00:00:25]} 31. Kh2 {[%clk 00:04:05]} {[%emt 00:00:33]} Qxd5
{[%clk 00:03:20]} {[%emt 00:00:17]} 32. Qe8+ {[%clk 00:03:56]} {[%emt
00:00:40]} Kg7 {[%clk 00:03:40]} {[%emt 00:00:10]} 33. Ra8 {[%clk 00:02:55]}
{[%emt 00:01:31]} Kf6 {[%clk 00:02:59]} {[%emt 00:01:10]} 34. Qd8+ {[%clk
00:03:04]} {[%emt 00:00:21]} Kf5 {[%clk 00:02:54]} {[%emt 00:00:34]} 35. b6
{[%clk 00:02:23]} {[%emt 00:01:13]} Rb2 {[%clk 00:01:26]} {[%emt 00:01:57]} 36.
Qg5+ {[%clk 00:01:08]} {[%emt 00:01:45]} Ke6 {[%clk 00:01:38]} {[%emt
00:00:18]} 37. Re8+ {[%clk 00:01:11]} {[%emt 00:00:27]} Kd7 {[%clk 00:01:11]}
{[%emt 00:00:57]} 38. Qxd5 {[%clk 00:01:32]} {[%emt 00:00:09]} Kxe8 {[%clk
00:01:29]} {[%emt 00:00:12]} 39. Qc6+ {[%clk 00:01:54]} {[%emt 00:00:09]} 1-0

[Event "ODJM B 2024"]
[Site "Willingen GER"]
[Date "2024.05.22"]
[Round "6"]
[White "Averkova, Mariia"]
[Black "Kelembet, Artem"]
[Result "0-1"]
[Termination "normal"]
[Board "10"]
[WhiteElo "1608"]
[BlackElo "1654"]
[WhiteClock "00:22:23"]
[BlackClock "00:09:52"]
[PlyCount "82"]
[WhiteFideId "34651470"]
[BlackFideId "34684727"]
[EventCountry "GER"]
[EventRounds "9"]
[EventType "swiss"]
[EventDate "2024.05.18"]

1. d4 {[%clk 01:30:58]} {[%emt 00:00:02]} Nf6 {[%clk 01:30:56]} {[%emt
00:00:05]} 2. Nf3 {[%emt 00:00:24]} d5 {[%clk 01:31:07]} 3. e3 {[%clk
01:31:41]} {[%emt 00:00:11]} Bg4 {[%clk 01:30:09]} {[%emt 00:01:28]} 4. Be2
{[%clk 01:31:35]} {[%emt 00:00:36]} e6 {[%clk 01:30:07]} {[%emt 00:00:32]} 5.
a3 {[%clk 01:31:42]} {[%emt 00:00:22]} Bd6 {[%emt 00:01:08]} 6. b3 {[%clk
01:31:46]} {[%emt 00:00:24]} Nbd7 {[%clk 01:28:40]} {[%emt 00:01:21]} 7. Bb2
{[%clk 01:31:24]} {[%emt 00:00:53]} c6 {[%clk 01:25:41]} {[%emt 00:03:29]} 8.
Nbd2 {[%clk 01:31:10]} {[%emt 00:00:43]} Qc7 {[%clk 01:25:12]} {[%emt
00:01:00]} 9. c4 {[%clk 01:30:25]} {[%emt 00:01:14]} O-O {[%clk 01:23:16]}
{[%emt 00:02:27]} 10. c5 {[%clk 01:29:29]} {[%emt 00:01:25]} Be7 {[%clk
01:23:32]} {[%emt 00:00:14]} 11. O-O {[%clk 01:27:44]} {[%emt 00:02:16]} b6
{[%clk 01:19:25]} {[%emt 00:04:37]} 12. b4 {[%clk 01:25:57]} {[%emt 00:02:16]}
bxc5 {[%clk 01:18:53]} {[%emt 00:01:02]} 13. bxc5 {[%clk 01:25:08]} {[%emt
00:01:19]} Rfb8 {[%clk 01:13:27]} {[%emt 00:05:57]} 14. Ra2 {[%clk 01:20:35]}
{[%emt 00:05:03]} a5 {[%clk 01:11:30]} {[%emt 00:02:27]} 15. a4 {[%clk
01:18:29]} {[%emt 00:02:36]} Rb7 {[%clk 01:08:14]} {[%emt 00:03:45]} 16. Ne1
{[%clk 01:15:46]} {[%emt 00:03:14]} Bxe2 {[%clk 01:08:19]} {[%emt 00:00:25]}
17. Qxe2 {[%clk 01:16:04]} {[%emt 00:00:12]} Rab8 {[%clk 00:57:45]} {[%emt
00:11:04]} 18. Bc3 {[%clk 01:15:43]} {[%emt 00:00:51]} e5 {[%clk 00:54:21]}
{[%emt 00:03:54]} 19. f3 {[%clk 01:02:56]} {[%emt 00:13:17]} exd4 {[%clk
00:53:50]} {[%emt 00:01:01]} 20. exd4 {[%clk 01:03:18]} {[%emt 00:00:08]} Re8
{[%clk 00:52:18]} {[%emt 00:02:01]} 21. Qd1 {[%clk 01:01:03]} {[%emt 00:02:46]}
Qf4 {[%clk 00:45:35]} {[%emt 00:07:12]} 22. Nc2 {[%clk 00:55:37]} {[%emt
00:05:56]} Bd8 {[%clk 00:43:22]} {[%emt 00:02:43]} 23. g3 {[%clk 00:52:52]}
{[%emt 00:03:15]} Qf5 {[%clk 00:39:37]} {[%emt 00:04:15]} 24. Re1 {[%clk
00:45:31]} {[%emt 00:07:51]} Rxe1+ {[%clk 00:35:52]} {[%emt 00:04:16]} 25. Qxe1
{[%clk 00:45:52]} {[%emt 00:00:08]} Nb8 {[%clk 00:36:03]} {[%emt 00:00:20]} 26.
Qf1 {[%clk 00:36:13]} {[%emt 00:10:09]} h5 {[%clk 00:31:26]} {[%emt 00:05:07]}
27. Ne3 {[%clk 00:34:20]} {[%emt 00:02:22]} Qe6 {[%clk 00:29:08]} {[%emt
00:02:49]} 28. Qd3 {[%clk 00:34:10]} {[%emt 00:00:39]} Re7 {[%clk 00:28:12]}
{[%emt 00:01:27]} 29. Kf2 {[%clk 00:34:14]} {[%emt 00:00:26]} h4 {[%clk
00:24:34]} {[%emt 00:04:06]} 30. Rb2 {[%clk 00:32:28]} {[%emt 00:02:17]} Bc7
{[%clk 00:24:06]} {[%emt 00:00:58]} 31. Bxa5 {[%clk 00:31:17]} {[%emt
00:01:41]} Bxa5 {[%clk 00:20:52]} {[%emt 00:03:46]} 32. Rxb8+ {[%clk 00:31:34]}
{[%emt 00:00:11]} Ne8 {[%clk 00:21:12]} {[%emt 00:00:10]} 33. Rb2 {[%clk
00:28:34]} {[%emt 00:03:30]} Bc7 {[%clk 00:17:15]} {[%emt 00:04:28]} 34. Ra2
{[%clk 00:27:43]} {[%emt 00:01:21]} Nf6 {[%clk 00:14:07]} {[%emt 00:03:37]} 35.
a5 {[%clk 00:25:59]} {[%emt 00:02:15]} hxg3+ {[%clk 00:12:48]} {[%emt
00:01:49]} 36. hxg3 {[%clk 00:26:13]} {[%emt 00:00:16]} Qh3 {[%clk 00:12:20]}
{[%emt 00:00:58]} 37. Ndf1 {[%clk 00:26:24]} {[%emt 00:00:19]} Nh5 {[%clk
00:10:49]} {[%emt 00:02:00]} 38. Nf5 {[%clk 00:23:01]} {[%emt 00:03:51]} Bxg3+
{[%clk 00:08:54]} {[%emt 00:02:28]} 39. N5xg3 {[%clk 00:22:30]} {[%emt
00:01:01]} Nxg3 {[%clk 00:09:10]} {[%emt 00:00:14]} 40. f4 {[%clk 00:22:05]}
{[%emt 00:00:55]} Nh1+ {[%clk 00:09:27]} {[%emt 00:00:13]} 41. Kg1 {[%clk
00:22:23]} {[%emt 00:00:12]} Qxd3 {[%clk 00:09:52]} {[%emt 00:00:05]} 0-1